[Event "33. Open Barbera del Valles 2010"]
[Site "Barbera del Valles ESP"]
[Date "2010.07.10"]
[Round "7.10"]
[White "Perez Mitjans, Orelvis"]
[Black "Gagarin, Vasilij"]
[Result "1-0"]
[WhiteElo "2424"]
[BlackElo "2403"]
[PlyCount "70"]
[EventDate "2010.07.04"]
[EventType "swiss"]
[EventRounds "9"]
[EventCountry "ESP"]
[Source "lmi"]
[SourceDate "2010.07.04"]

1. e4 c5 2. Nf3 e6 3. Qe2 Nc6 4. c3 e5 5. g3 g6 6. Bg2 Bg7 7. d3 Nge7 8. Na3
O-O 9. h4 h6 10. Be3 d6 11. Qd2 Kh7 12. Ng1 f5 13. Ne2 Ng8 14. h5 g5 15. f4
exf4 16. gxf4 g4 17. Ng3 Nce7 18. d4 cxd4 19. Bxd4 Bxd4 20. Qxd4 Be6 21. Nb5 d5
22. exf5 Nxf5 23. Qd3 Kh8 24. O-O-O Nxg3 25. Qxg3 Nf6 26. Rhe1 Bf7 27. Re5 Qa5
28. Nd4 Qxa2 29. Qh4 Bg8 30. Bf1 Bh7 31. f5 Rac8 32. Bd3 Rf7 33. Re6 Kg7 34.
Rde1 Qa5 35. Rxf6 Qa1+ 1-0

[Event "33. Open Barbera del Valles 2010"]
[Site "Barbera del Valles ESP"]
[Date "2010.07.10"]
[Round "7.11"]
[White "Grafl, Florian"]
[Black "Fenollar Jorda, Manuel"]
[Result "0-1"]
[WhiteElo "2416"]
[BlackElo "2369"]
[PlyCount "104"]
[EventDate "2010.07.04"]
[EventType "swiss"]
[EventRounds "9"]
[EventCountry "ESP"]
[Source "lmi"]
[SourceDate "2010.07.04"]

1. e4 e6 2. Nc3 d5 3. g3 Nf6 4. e5 Ng8 5. f4 c5 6. Bg2 Nh6 7. Nf3 Nf5 8. O-O h5
9. d3 Qb6 10. Ne2 d4 11. c3 Nc6 12. Qb3 Bd7 13. Qxb6 axb6 14. cxd4 cxd4 15. Bd2
Bb4 16. Bxb4 Nxb4 17. Nfxd4 Nxd3 18. Bxb7 Ra7 19. Nxf5 exf5 20. Bd5 Nxb2 21.
Nd4 Ke7 22. e6 fxe6 23. Bxe6 Kf6 24. Bb3 Nd3 25. Rad1 Nc5 26. Nf3 Ne4 27. Ne5
Bb5 28. Rfe1 Rc8 29. Rxe4 fxe4 30. Rd6+ Ke7 31. Rxb6 Be8 32. Kf2 Rc3 33. Re6+
Kf8 34. Ng6+ Bxg6 35. Rxg6 Rd7 36. Ke2 e3 37. Re6 Rd2+ 38. Kf3 Rf2+ 39. Ke4 e2
40. Kf5 Rc1 41. h3 e1=Q 42. Rxe1 Rxe1 43. Kg5 Rg1 44. g4 hxg4 45. hxg4 Rfg2 46.
Be6 Ke7 47. Bc8 Rxa2 48. Kg6 Ra8 49. Bf5 Kf8 50. Bd7 Rd8 51. Bf5 Rd6+ 52. Kg5
Rd5 0-1

[Event "33. Open Barbera del Valles 2010"]
[Site "Barbera del Valles ESP"]
[Date "2010.07.10"]
[Round "7.12"]
[White "Cruz Lledo, Pablo"]
[Black "Lorenzo De La Riva, Lazaro"]
[Result "1-0"]
[WhiteElo "2239"]
[BlackElo "2407"]
[PlyCount "104"]
[EventDate "2010.07.04"]
[EventType "swiss"]
[EventRounds "9"]
[EventCountry "ESP"]
[Source "lmi"]
[SourceDate "2010.07.04"]

1. d4 c5 2. c3 Nf6 3. Nf3 g6 4. Bg5 Bg7 5. Nbd2 O-O 6. e3 d6 7. Bd3 cxd4 8.
cxd4 Nc6 9. O-O h6 10. Bh4 Qa5 11. Qb3 Qh5 12. Bxf6 Bxf6 13. Ne4 Bg7 14. Ng3
Qa5 15. Bxg6 Be6 16. Qxb7 Bd5 17. Be4 Rab8 18. Qd7 Be6 19. Qxc6 Rfc8 20. Bh7+
Kxh7 21. Qe4+ Kh8 22. b3 Rc7 23. Nh4 Bf6 24. Ng6+ fxg6 25. Qxe6 Kg7 26. Ne4 Qf5
27. Qxf5 gxf5 28. Nxf6 Kxf6 29. Rfc1 Rbc8 30. Rxc7 Rxc7 31. g3 Rc2 32. b4 Rb2
33. a3 Ke6 34. Kg2 Rb3 35. Kf3 Kf6 36. Ra2 e5 37. dxe5+ dxe5 38. Ke2 Kg5 39.
Kd2 e4 40. Kc2 Rd3 41. h3 h5 42. b5 h4 43. gxh4+ Kxh4 44. a4 Kxh3 45. a5 Kg2
46. b6 axb6 47. axb6 Rd6 48. b7 Rc6+ 49. Kb1 Rb6+ 50. Rb2 Rxb7 51. Rxb7 Kxf2
52. Rb3 Kg3 1-0

[Event "33. Open Barbera del Valles 2010"]
[Site "Barbera del Valles ESP"]
[Date "2010.07.10"]
[Round "7.13"]
[White "Mestre Bellido, Hector"]
[Black "Subirats Ruiz, Sergi"]
[Result "1-0"]
[WhiteElo "2404"]
[BlackElo "2138"]
[PlyCount "81"]
[EventDate "2010.07.04"]
[EventType "swiss"]
[EventRounds "9"]
[EventCountry "ESP"]
[Source "lmi"]
[SourceDate "2010.07.04"]

1. e4 e5 2. Bc4 Nf6 3. d3 c6 4. Nf3 d5 5. Bb3 Bb4+ 6. c3 Bd6 7. O-O dxe4 8.
dxe4 Na6 9. Bc2 O-O 10. h3 Qe7 11. Nbd2 Be6 12. Qe2 Nd7 13. Nc4 Bc7 14. Ng5
Bxc4 15. Qxc4 h6 16. Nf3 Nac5 17. Qe2 Ne6 18. g3 Rad8 19. Nh4 Qf6 20. Nf5 Ndc5
21. a4 a5 22. Kh1 Rd7 23. Be3 Rfd8 24. Rg1 b6 25. Raf1 Nd3 26. b3 Nec5 27. Rd1
Nxe4 28. Nxh6+ gxh6 29. Rxd3 Rxd3 30. Bxd3 Nxc3 31. Qg4+ Kf8 32. Bf1 Nd5 33.
Bc1 Ne7 34. Bg2 Rd4 35. Qh5 Kg7 36. Be3 Rb4 37. Rd1 Qe6 38. Rd7 Qxd7 39. Bxh6+
Kh7 40. Bg5+ Kg8 41. Bf6 1-0

[Event "33. Open Barbera del Valles 2010"]
[Site "Barbera del Valles ESP"]
[Date "2010.07.10"]
[Round "7.14"]
[White "Sanchez Ibern, Marc"]
[Black "Rahal, Michael A"]
[Result "1/2-1/2"]
[WhiteElo "2255"]
[BlackElo "2344"]
[PlyCount "48"]
[EventDate "2010.07.04"]
[EventType "swiss"]
[EventRounds "9"]
[EventCountry "ESP"]
[Source "lmi"]
[SourceDate "2010.07.04"]

1. e4 e6 2. d4 d5 3. Nc3 Bb4 4. e5 c5 5. Bd2 Ne7 6. Nb5 Bxd2+ 7. Qxd2 O-O 8. f4
Bd7 9. dxc5 Bxb5 10. Bxb5 a6 11. Bd3 Nd7 12. Nf3 Nxc5 13. O-O-O Qb6 14. Kb1 Na4
15. c3 Rac8 16. Ka1 Nc5 17. g4 f5 18. exf6 Rxf6 19. Ne5 Qd6 20. Qe3 Nxd3 21.
Nxd3 Ng6 22. g5 Rf5 23. Rde1 Kf7 24. Rhf1 Re8 1/2-1/2

[Event "33. Open Barbera del Valles 2010"]
[Site "Barbera del Valles ESP"]
[Date "2010.07.10"]
[Round "7.15"]
[White "Martin Sanchez, Enric"]
[Black "Perpinya Rofes, Lluis Maria"]
[Result "0-1"]
[WhiteElo "2044"]
[BlackElo "2344"]
[PlyCount "54"]
[EventDate "2010.07.04"]
[EventType "swiss"]
[EventRounds "9"]
[EventCountry "ESP"]
[Source "lmi"]
[SourceDate "2010.07.04"]

1. e4 c5 2. Nf3 Nc6 3. Bb5 e6 4. O-O Nge7 5. c3 a6 6. Bxc6 Nxc6 7. d4 d5 8.
exd5 Qxd5 9. c4 Qxc4 10. b3 Qb4 11. a3 Qb6 12. d5 exd5 13. Qxd5 Be7 14. Re1 O-O
15. Bb2 Be6 16. Rxe6 fxe6 17. Qxe6+ Kh8 18. Nbd2 Bf6 19. Bxf6 Rxf6 20. Qe4 h6
21. Re1 Qc7 22. Nc4 Qf4 23. Qc2 Nd4 24. Nxd4 cxd4 25. Ne5 d3 26. Nxd3 Qf5 27.
Nb4 Qxc2 0-1

[Event "33. Open Barbera del Valles 2010"]
[Site "Barbera del Valles ESP"]
[Date "2010.07.10"]
[Round "7.16"]
[White "Aderito, Pedro"]
[Black "Randazzo, Adrian"]
[Result "1-0"]
[WhiteElo "2333"]
[BlackElo "2243"]
[PlyCount "115"]
[EventDate "2010.07.04"]
[EventType "swiss"]
[EventRounds "9"]
[EventCountry "ESP"]
[Source "lmi"]
[SourceDate "2010.07.04"]

1. d4 d5 2. Nf3 Nf6 3. c4 dxc4 4. Nc3 a6 5. a4 Nc6 6. a5 Bg4 7. d5 Bxf3 8. gxf3
Ne5 9. f4 Ng6 10. Qa4+ Qd7 11. Bh3 Qxa4 12. Rxa4 Rd8 13. e4 Nh5 14. Ne2 e6 15.
dxe6 Nh4 16. O-O fxe6 17. Bxe6 Nf3+ 18. Kg2 Nd2 19. Rd1 Nxe4 20. Bf7+ Kxf7 21.
Rxd8 Nd6 22. f5 g6 23. Bh6 gxf5 24. Ng3 Nf6 25. Bf4 Nfe8 26. Be5 Rg8 27. f4 h5
28. Kf3 h4 29. Nf1 Be7 30. Rb8 Rg1 31. Ra1 h3 32. Bd4 Rg2 33. Re1 Rc2 34. Re2
Rc1 35. Ng3 Rd1 36. Bc5 Rd3+ 37. Be3 Bh4 38. Rd2 Rb3 39. Ne2 Ne4 40. Rd7+ Ke6
41. Rd1 Kf7 42. Nd4 Rxb2 43. Nxf5 Nc3 44. Rd2 Rxd2 45. Bxd2 Bf6 46. Rxb7 Nd5
47. Ke4 c3 48. Bc1 Ke6 49. Rb8 Nd6+ 50. Nxd6 Kxd6 51. Kd3 Kc6 52. Kc4 Be7 53.
Rh8 Bd6 54. Rh6 c2 55. f5 Ne7 56. f6 Nf5 57. Rxh3 Kd7 58. Kd5 1-0

[Event "33. Open Barbera del Valles 2010"]
[Site "Barbera del Valles ESP"]
[Date "2010.07.10"]
[Round "7.17"]
[White "Tarrago Antoni, Maurici"]
[Black "Nicolas Zapata, Irene"]
[Result "0-1"]
[WhiteElo "2258"]
[BlackElo "1962"]
[PlyCount "39"]
[EventDate "2010.07.04"]
[EventType "swiss"]
[EventRounds "9"]
[EventCountry "ESP"]
[Source "lmi"]
[SourceDate "2010.07.04"]

1. Nf3 c5 2. Nc3 e6 3. g3 d5 4. Bg2 d4 5. d3 Nc6 6. O-O Nb4 7. g4 h5 8. h3 hxg4
9. hxg4 Rh2 10. a3 Nxc2 11. b4 cxb4 12. a4 b3 13. Ra2 Ke7 14. Bb2 Rh7 15. Nd2
Rh8 16. Ra3 Nf6 17. e4 a5 18. g5 Nh5 19. Kh2 b5 20. e5 0-1

[Event "33. Open Barbera del Valles 2010"]
[Site "Barbera del Valles ESP"]
[Date "2010.07.10"]
[Round "7.18"]
[White "Sanglas Clariana, Josep"]
[Black "Munoz Pantoja, Miguel"]
[Result "0-1"]
[WhiteElo "2207"]
[BlackElo "2494"]
[PlyCount "106"]
[EventDate "2010.07.04"]
[EventType "swiss"]
[EventRounds "9"]
[EventCountry "ESP"]
[Source "lmi"]
[SourceDate "2010.07.04"]

1. e4 c5 2. Nf3 Nc6 3. c3 e5 4. Bc4 Nf6 5. Ng5 d5 6. exd5 Na5 7. Bb5+ Bd7 8.
Qa4 a6 9. Bxd7+ Nxd7 10. d3 b5 11. Qc2 Nb6 12. c4 bxc4 13. dxc4 Naxc4 14. O-O
Be7 15. Ne4 Qxd5 16. Rd1 Qc6 17. b3 Nd6 18. Nxd6+ Bxd6 19. Nc3 Be7 20. Be3 O-O
21. Qe4 Rac8 22. Rac1 Qe6 23. Nd5 Nxd5 24. Rxd5 f6 25. Bxc5 Rfd8 26. Rxd8+ Bxd8
27. Qc4 Qxc4 28. Rxc4 Kf7 29. Rc1 Ke6 30. Be3 Rxc1+ 31. Bxc1 Kd5 32. Bd2 Kd4
33. Kf1 Kd3 34. Ke1 f5 35. Kd1 Bb6 36. Be1 e4 37. g3 g5 38. b4 f4 39. gxf4 gxf4
40. a4 e3 41. fxe3 fxe3 42. b5 e2+ 43. Kc1 axb5 44. axb5 Bd4 45. Bh4 Be3+ 46.
Kb2 Kd2 47. Bg3 e1=Q 48. Bxe1+ Kxe1 49. h4 h5 50. Kc2 Ke2 51. Kc3 Bf2 52. Kc4
Bxh4 53. Kd4 Bg3 0-1

[Event "33. Open Barbera del Valles 2010"]
[Site "Barbera del Valles ESP"]
[Date "2010.07.10"]
[Round "7.19"]
[White "Ezquerro Luque, Albert"]
[Black "Panelo, Marcelo"]
[Result "1/2-1/2"]
[WhiteElo "1981"]
[BlackElo "2450"]
[PlyCount "153"]
[EventDate "2010.07.04"]
[EventType "swiss"]
[EventRounds "9"]
[EventCountry "ESP"]
[Source "lmi"]
[SourceDate "2010.07.04"]

1. e4 c5 2. Nc3 e6 3. g3 d5 4. Bg2 d4 5. Nce2 d3 6. cxd3 Qxd3 7. Nc3 Nc6 8. Qe2
Qxe2+ 9. Ngxe2 Bd7 10. O-O Nb4 11. Rd1 e5 12. d3 Bd6 13. f4 Ne7 14. f5 f6 15.
Kf2 g6 16. g4 h5 17. h3 hxg4 18. hxg4 gxf5 19. gxf5 O-O-O 20. Be3 Rdg8 21. Rac1
Rh2 22. Ng3 Bc6 23. a3 Nc2 24. Rxc2 Nxf5 25. Nxf5 Rgxg2+ 26. Kf3 Rxc2 27. Nxd6+
Kd7 28. Nf5 Rxb2 29. Rg1 Rh3+ 30. Rg3 Rxg3+ 31. Nxg3 Rb3 32. Nge2 b6 33. Bc1 b5
34. Ke3 b4 35. axb4 cxb4 36. Nd1 Bb5 37. Nb2 a5 38. Kd2 a4 39. Kc2 Ra3 40. Bd2
b3+ 41. Kb1 Ra2 42. Nc1 Bxd3+ 43. Ncxd3 a3 44. Bc3 axb2 45. Nc5+ Ke7 46. Bxb2
Kf7 47. Nxb3 Ra4 48. Nd2 Kg6 49. Kc2 Kg5 50. Kd3 Kf4 51. Bc3 Ra8 52. Bb4 Ra7
53. Bc5 Rh7 54. Be3+ Kg4 55. Nc4 Kf3 56. Nd2+ Kg2 57. Ke2 Rc7 58. Bf2 Rc2 59.
Be3 Rc3 60. Bf2 Ra3 61. Bh4 Ra6 62. Bf2 Rc6 63. Be3 Kg3 64. Bf2+ Kg4 65. Be3
Ra6 66. Bf2 Ra3 67. Be3 Rc3 68. Nb1 Rc8 69. Nd2 Rh8 70. Kd3 Rh2 71. Kc3 f5 72.
exf5 Kxf5 73. Kd3 Rg2 74. Ne4 Ra2 75. Nd6+ Ke6 76. Ne4 Ra3+ 77. Ke2 1/2-1/2

[Event "33. Open Barbera del Valles 2010"]
[Site "Barbera del Valles ESP"]
[Date "2010.07.10"]
[Round "7.20"]
[White "Vilela De Acuna, Jose Luis"]
[Black "Sayrol Clols, Jose M"]
[Result "1-0"]
[WhiteElo "2329"]
[BlackElo "2099"]
[PlyCount "95"]
[EventDate "2010.07.04"]
[EventType "swiss"]
[EventRounds "9"]
[EventCountry "ESP"]
[Source "lmi"]
[SourceDate "2010.07.04"]

1. d4 d5 2. c4 e6 3. Nc3 c6 4. Nf3 Nf6 5. cxd5 exd5 6. Qc2 Be7 7. Bg5 O-O 8. e3
Ne4 9. Bxe7 Qxe7 10. Bd3 f5 11. O-O Nd7 12. Ne2 Ndf6 13. Ne5 Nd7 14. Nf3 Ndf6
15. a3 Be6 16. b4 a6 17. Ne5 Nd7 18. Nxd7 Bxd7 19. a4 Qh4 20. g3 Qh6 21. b5
axb5 22. axb5 Rxa1 23. Rxa1 Nxf2 24. Kxf2 Qxh2+ 25. Kf1 f4 26. Nxf4 Qh1+ 27.
Ke2 Bg4+ 28. Kd2 Qxa1 29. Bxh7+ Kh8 30. Ng6+ Kxh7 31. Nxf8+ Kg8 32. bxc6 Qa5+
33. Qc3 Qa2+ 34. Kc1 bxc6 35. Ng6 Qf2 36. Ne7+ Kh8 37. Nxc6 Qg1+ 38. Kb2 Qxg3
39. Ne5 Qf2+ 40. Ka3 Qg1 41. Kb4 Qb1+ 42. Kc5 Qb7 43. Kd6 Bf5 44. Qc6 Qb8+ 45.
Kxd5 Qb3+ 46. Nc4 Bd3 47. e4 Qa2 48. Qc8+ 1-0

[Event "33. Open Barbera del Valles 2010"]
[Site "Barbera del Valles ESP"]
[Date "2010.07.10"]
[Round "7.21"]
[White "Tallo Dominguez, Imar"]
[Black "Chueca Forcen, Alberto"]
[Result "1/2-1/2"]
[WhiteElo "2204"]
[BlackElo "2280"]
[PlyCount "108"]
[EventDate "2010.07.04"]
[EventType "swiss"]
[EventRounds "9"]
[EventCountry "ESP"]
[Source "lmi"]
[SourceDate "2010.07.04"]

1. e4 c6 2. d4 d5 3. e5 c5 4. Nf3 Nc6 5. c4 cxd4 6. Nxd4 dxc4 7. Nxc6 Qxd1+ 8.
Kxd1 bxc6 9. Bxc4 Bf5 10. Be3 e6 11. Nd2 Ne7 12. Rc1 Kd7 13. Ke2 Nd5 14. Nb3
Be4 15. Bc5 Bxg2 16. Rhg1 Bh3 17. Bxf8 Raxf8 18. Bxd5 cxd5 19. Nc5+ Ke7 20. Rg3
Bf5 21. Ra3 Ra8 22. Rb3 Rhb8 23. Ke3 Rxb3+ 24. Nxb3 Kd8 25. Kd4 Rb8 26. Kc5 Kd7
27. Rc3 Rc8+ 28. Kd4 Rxc3 29. Kxc3 f6 30. Kd4 Kc6 31. Na5+ Kb6 32. Nb3 Kb5 33.
f4 Kb4 34. Nd2 a5 35. a3+ Kb5 36. h4 Bg4 37. b3 Bd1 38. Kc3 fxe5 39. fxe5 Be2
40. Kd4 Bd1 41. Kc3 g6 42. b4 axb4+ 43. axb4 h6 44. Nf1 Bh5 45. Nd2 g5 46. hxg5
hxg5 47. Nb3 Bf7 48. Nd4+ Ka4 49. b5 Ka5 50. Kd3 Kb6 51. Ke3 Kc5 52. Kd3 Kb6
53. Ke3 Kc5 54. Kf3 Bh5+ 1/2-1/2

[Event "33. Open Barbera del Valles 2010"]
[Site "Barbera del Valles ESP"]
[Date "2010.07.10"]
[Round "7.22"]
[White "Silva Rodriguez, Julio"]
[Black "Uribe Arteaga, Daniel"]
[Result "0-1"]
[WhiteElo "2126"]
[BlackElo "2233"]
[PlyCount "56"]
[EventDate "2010.07.04"]
[EventType "swiss"]
[EventRounds "9"]
[EventCountry "ESP"]
[Source "lmi"]
[SourceDate "2010.07.04"]

1. e4 c5 2. Nf3 d6 3. d4 cxd4 4. Nxd4 Nf6 5. Nc3 g6 6. Bc4 Bg7 7. O-O O-O 8.
Re1 Nc6 9. Nb3 a6 10. Bf1 b5 11. Nd5 Bb7 12. c3 Nd7 13. Bg5 f6 14. Be3 e6 15.
Nf4 Qe7 16. a4 Nce5 17. f3 bxa4 18. Na5 Rfb8 19. Rxa4 Bc8 20. b3 Nb6 21. Rb4
Qc7 22. Qd4 f5 23. Qd2 Nc6 24. Bxb6 Rxb6 25. Nxc6 Rxb4 26. cxb4 Qxc6 27. Bc4
Bh6 28. Qc3 Qb6+ 0-1

[Event "33. Open Barbera del Valles 2010"]
[Site "Barbera del Valles ESP"]
[Date "2010.07.10"]
[Round "7.23"]
[White "Capellades Subirana, Marc"]
[Black "Navarrete Espi, Samuel"]
[Result "0-1"]
[WhiteElo "2268"]
[BlackElo "2057"]
[PlyCount "38"]
[EventDate "2010.07.04"]
[EventType "swiss"]
[EventRounds "9"]
[EventCountry "ESP"]
[Source "lmi"]
[SourceDate "2010.07.04"]

1. e4 e5 2. Nf3 Nc6 3. Bc4 Bc5 4. d3 Nf6 5. Nc3 a6 6. Be3 Ba7 7. Nd5 Bxe3 8.
Nxf6+ Qxf6 9. fxe3 d6 10. O-O Qh6 11. Qe1 Be6 12. Bb3 O-O-O 13. d4 Bg4 14. Rd1
f5 15. exf5 e4 16. Be6+ Kb8 17. h3 Bh5 18. g4 exf3 19. gxh5 Qg5+ 0-1

[Event "33. Open Barbera del Valles 2010"]
[Site "Barbera del Valles ESP"]
[Date "2010.07.10"]
[Round "7.24"]
[White "Ortega Serra, Marc"]
[Black "Do Santos Julio, Joao Manuel"]
[Result "1/2-1/2"]
[WhiteElo "2223"]
[BlackElo "2122"]
[PlyCount "146"]
[EventDate "2010.07.04"]
[EventType "swiss"]
[EventRounds "9"]
[EventCountry "ESP"]
[Source "lmi"]
[SourceDate "2010.07.04"]

1. d4 d5 2. c4 c6 3. Nc3 e6 4. cxd5 exd5 5. Bf4 Nf6 6. e3 Bf5 7. Bd3 Bxd3 8.
Qxd3 Be7 9. Nge2 O-O 10. O-O Nh5 11. Qf5 g6 12. Qc2 Nxf4 13. Nxf4 Nd7 14. Na4
Nf6 15. Nd3 Bd6 16. f4 Re8 17. Ne5 Nd7 18. Rf3 Rc8 19. Rc1 Nf8 20. Qd2 f6 21.
Nd3 Qe7 22. b4 b6 23. Qb2 Ne6 24. h3 Ng7 25. Qb3 Kh8 26. g4 Ne6 27. Nc3 Kg7 28.
Rb1 Rh8 29. b5 c5 30. Nxd5 Qb7 31. dxc5 Bxc5 32. Rbf1 Rhd8 33. N5b4 Qe4 34.
Nxc5 Nxc5 35. Qb1 Nd3 36. Nc6 Rd7 37. g5 f5 38. Qa1+ Kg8 39. h4 a6 40. a4 Nc5
41. Qa2+ Qe6 42. Qxe6+ Nxe6 43. R3f2 Nc5 44. Rc2 Re8 45. Ne5 Rd5 46. Rb1 a5 47.
h5 gxh5 48. Kf2 Nd3+ 49. Nxd3 Rxd3 50. Re1 Ra3 51. Rc6 Rxa4 52. Rxb6 Re7 53.
Ra6 h4 54. b6 Rb4 55. Rxa5 Rxb6 56. Rxf5 Rb2+ 57. Kf3 h3 58. Rf6 h2 59. Rh6 Rc7
60. Ra1 Kg7 61. f5 Rbc2 62. f6+ Kf7 63. Rh1 R7c5 64. Rxh7+ Ke6 65. Re7+ Kd6 66.
Rg7 Ke6 67. Kg3 Re2 68. Rxh2 Rxe3+ 69. Kg4 Rc4+ 70. Kh5 Rf3 71. Re7+ Kd5 72.
Rd7+ Kc6 73. Rhd2 Rc5 1/2-1/2

[Event "33. Open Barbera del Valles 2010"]
[Site "Barbera del Valles ESP"]
[Date "2010.07.10"]
[Round "7.25"]
[White "Nunez Lucero, Francisco"]
[Black "Ridameya Tatche, Jose Miguel"]
[Result "1/2-1/2"]
[WhiteElo "2178"]
[BlackElo "2060"]
[PlyCount "28"]
[EventDate "2010.07.04"]
[EventType "swiss"]
[EventRounds "9"]
[EventCountry "ESP"]
[Source "lmi"]
[SourceDate "2010.07.04"]

1. e4 e5 2. Nf3 Nc6 3. Bc4 Nf6 4. d3 Be7 5. O-O O-O 6. c3 d5 7. exd5 Nxd5 8.
Qe2 Bf6 9. Nbd2 Nf4 10. Qe3 Nd5 11. Bxd5 Qxd5 12. Qe4 Be6 13. Qxd5 Bxd5 14. Ne4
Be7 1/2-1/2

[Event "33. Open Barbera del Valles 2010"]
[Site "Barbera del Valles ESP"]
[Date "2010.07.10"]
[Round "7.26"]
[White "Costa Trave, Jaume"]
[Black "Jareno Badenas, Aleix"]
[Result "0-1"]
[WhiteElo "2084"]
[BlackElo "1967"]
[PlyCount "68"]
[EventDate "2010.07.04"]
[EventType "swiss"]
[EventRounds "9"]
[EventCountry "ESP"]
[Source "lmi"]
[SourceDate "2010.07.04"]

1. d4 c5 2. d5 Nf6 3. c4 b5 4. cxb5 a6 5. bxa6 Bxa6 6. g3 d6 7. Bg2 g6 8. Nh3
Bg7 9. O-O O-O 10. Re1 Nbd7 11. Nc3 Qa5 12. Bd2 Rfb8 13. Rb1 Ra7 14. Nf4 Rab7
15. Qc1 Ne5 16. b3 Qc7 17. Qc2 Nfd7 18. Na4 Qd8 19. Bc3 Qe8 20. h4 Nb6 21. Nxb6
Rxb6 22. h5 c4 23. b4 Bb5 24. hxg6 hxg6 25. Nh3 Ra6 26. f4 Nd7 27. Ng5 Bxc3 28.
Qxc3 Rxa2 29. Kf2 Rba8 30. Rh1 Nf6 31. Rh4 R8a3 32. Qd4 Rd3 33. Rbh1 Rxd4 34.
Rh8+ Kg7 0-1

[Event "33. Open Barbera del Valles 2010"]
[Site "Barbera del Valles ESP"]
[Date "2010.07.11"]
[Round "8.1"]
[White "Fedorchuk, Sergey A"]
[Black "Iturrizaga, Eduardo"]
[Result "1/2-1/2"]
[WhiteElo "2665"]
[BlackElo "2614"]
[PlyCount "24"]
[EventDate "2010.07.04"]
[EventType "swiss"]
[EventRounds "9"]
[EventCountry "ESP"]
[Source "lmi"]
[SourceDate "2010.07.04"]

1. e4 c6 2. d4 d5 3. Nd2 dxe4 4. Nxe4 Bf5 5. Ng3 Bg6 6. h4 h6 7. Nf3 Nd7 8. h5
Bh7 9. Bd3 Bxd3 10. Qxd3 e6 11. Bd2 Ngf6 12. O-O-O Be7 1/2-1/2

[Event "33. Open Barbera del Valles 2010"]
[Site "Barbera del Valles ESP"]
[Date "2010.07.11"]
[Round "8.2"]
[White "Gonzalez Vidal, Yuri"]
[Black "Bruzon Batista, Lazaro"]
[Result "0-1"]
[WhiteElo "2522"]
[BlackElo "2653"]
[PlyCount "70"]
[EventDate "2010.07.04"]
[EventType "swiss"]
[EventRounds "9"]
[EventCountry "ESP"]
[Source "lmi"]
[SourceDate "2010.07.04"]

1. e4 c5 2. Nf3 d6 3. d4 cxd4 4. Nxd4 Nf6 5. Nc3 a6 6. Bg5 e6 7. f4 Qc7 8. Qf3
b5 9. Bd3 Nbd7 10. O-O-O Bb7 11. Rhe1 Qb6 12. Nb3 Be7 13. Kb1 b4 14. Ne2 O-O
15. g4 Rfe8 16. Ng3 a5 17. Bxf6 Bxf6 18. g5 Be7 19. h4 a4 20. Nd2 Qc7 21. h5 a3
22. g6 Bf6 23. gxf7+ Kxf7 24. Bc4 axb2 25. f5 Ne5 26. Bxe6+ Kf8 27. Qe2 Ba6 28.
Qe3 Rxe6 29. fxe6 Nc4 30. Nxc4 Bxc4 31. e5 Qa5 32. Kxb2 Qxa2+ 33. Kc1 b3 34.
e7+ Ke8 35. Qc3 Bg5+ 0-1

[Event "33. Open Barbera del Valles 2010"]
[Site "Barbera del Valles ESP"]
[Date "2010.07.11"]
[Round "8.3"]
[White "Gongora Reyes, Maikel"]
[Black "Oms Pallisse, Josep"]
[Result "1/2-1/2"]
[WhiteElo "2451"]
[BlackElo "2494"]
[PlyCount "77"]
[EventDate "2010.07.04"]
[EventType "swiss"]
[EventRounds "9"]
[EventCountry "ESP"]
[Source "lmi"]
[SourceDate "2010.07.04"]

1. d4 Nf6 2. c4 e6 3. g3 d5 4. Bg2 dxc4 5. Nf3 Nc6 6. Qa4 Nd7 7. Qxc4 Nb6 8.
Qb5 a6 9. Qd3 e5 10. Nxe5 Nb4 11. Qd1 Qxd4 12. Qxd4 Nc2+ 13. Kd1 Nxd4 14. Be3
Nf5 15. Bxb6 cxb6 16. Nd2 Bd6 17. Nd3 O-O 18. Rc1 Rb8 19. e3 Be6 20. a3 Rfe8
21. Rc3 Be7 22. Rc7 Nd6 23. Nf4 Bg4+ 24. Bf3 Bd8 25. Rc3 Bxf3+ 26. Nxf3 b5 27.
Nd5 Ne4 28. Rc2 Nf6 29. Nxf6+ Bxf6 30. Kc1 b4 31. axb4 Re4 32. b5 Rb4 33. bxa6
bxa6 34. Nd4 Bxd4 35. exd4 Rxd4 36. Rd1 Rxd1+ 37. Kxd1 g5 38. Kc1 Rb6 39. Rc5
1/2-1/2

[Event "33. Open Barbera del Valles 2010"]
[Site "Barbera del Valles ESP"]
[Date "2010.07.11"]
[Round "8.4"]
[White "Almeida Quintana, Omar"]
[Black "Vehi Bach, Victor Manuel"]
[Result "1/2-1/2"]
[WhiteElo "2559"]
[BlackElo "2405"]
[PlyCount "103"]
[EventDate "2010.07.04"]
[EventType "swiss"]
[EventRounds "9"]
[EventCountry "ESP"]
[Source "lmi"]
[SourceDate "2010.07.04"]

1. d4 Nf6 2. c4 e6 3. Nf3 d5 4. Nc3 Bb4 5. Qb3 c5 6. cxd5 exd5 7. dxc5 Qa5 8.
Bd2 Nc6 9. e3 Qxc5 10. a3 Ba5 11. Qa4 Qd6 12. Bd3 O-O 13. O-O a6 14. Qh4 h6 15.
Ne2 Bxd2 16. Nxd2 Bg4 17. Nc3 Ne5 18. Be2 d4 19. exd4 Qxd4 20. Nf3 Qc5 21. Nxe5
Bxe2 22. Rfe1 Rae8 23. Nxf7 Rxf7 24. Rxe2 Rxe2 25. Nxe2 Qc2 26. Ng3 Qxb2 27.
Rd1 Qxa3 28. h3 Qc5 29. Qf4 Qc7 30. Qe3 Qe7 31. Qb3 g6 32. Kh2 Kg7 33. Rd3 b5
34. Re3 Qc5 35. f4 Qc4 36. Qxc4 bxc4 37. Re6 Rc7 38. Rxa6 c3 39. Ra1 c2 40. Ne2
Nd5 41. Kg3 Nb4 42. Kf3 Rd7 43. Nc1 Rd1 44. Ke4 h5 45. g4 hxg4 46. hxg4 Kh6 47.
f5 Nd3 48. g5+ Kxg5 49. fxg6 Nc5+ 50. Ke3 Kxg6 51. Ra5 Rxc1 52. Rxc5 1/2-1/2

[Event "33. Open Barbera del Valles 2010"]
[Site "Barbera del Valles ESP"]
[Date "2010.07.11"]
[Round "8.5"]
[White "Ipatov, Alexander"]
[Black "Perez Mitjans, Orelvis"]
[Result "1-0"]
[WhiteElo "2507"]
[BlackElo "2424"]
[PlyCount "133"]
[EventDate "2010.07.04"]
[EventType "swiss"]
[EventRounds "9"]
[EventCountry "ESP"]
[Source "lmi"]
[SourceDate "2010.07.04"]

1. d4 d5 2. Nf3 Nc6 3. Bf4 Bg4 4. e3 e6 5. c4 Bd6 6. Bxd6 Qxd6 7. cxd5 exd5 8.
Nc3 Nf6 9. Be2 O-O 10. O-O Rad8 11. Rc1 Qe7 12. a3 Rd6 13. b4 a6 14. h3 Bf5 15.
b5 axb5 16. Nxb5 Rd7 17. Qb3 Ra8 18. Qb2 Ne4 19. Rfe1 f6 20. Bf1 Nd8 21. Ra1
Nf7 22. a4 g5 23. a5 Kh8 24. Nd2 Rg8 25. f3 Ng3 26. Nc3 c6 27. e4 dxe4 28.
Ncxe4 Bxe4 29. Nxe4 Nxe4 30. Rxe4 Qd8 31. Bc4 Re8 32. Be6 Rc7 33. Rae1 Nd6 34.
R4e2 Kg7 35. Kf1 Rce7 36. Qb4 Qc7 37. h4 gxh4 38. d5 cxd5 39. Qg4+ Kh8 40. Qxh4
Rf8 41. Qf4 Nc4 42. Qh6 Rg7 43. Bxd5 Ne5 44. Rc1 Qd6 45. Be4 Nf7 46. Qh4 Ng5
47. Rb1 Qa6 48. Bd5 Qd3 49. Qb4 Rd8 50. Bxb7 Nh3 51. Be4 Rxg2 52. Kxg2 Nf4+ 53.
Kg3 Nxe2+ 54. Kf2 Nf4 55. Bxd3 Nxd3+ 56. Ke3 Nxb4 57. Rxb4 Ra8 58. Ra4 Kg7 59.
a6 h5 60. a7 Kg6 61. Kf4 Kg7 62. Kg3 Kh7 63. Kh4 Kh6 64. Ra6 Kg6 65. Ra5 Kf7
66. Kxh5 Ke6 67. Kg6 1-0